000 00462cam a2200181 4500
001 J1674
008 090401t1981 xxu||||| |||| 00| 0 eng d
035 _a(Sirsi) u44834
041 _aeng
110 _aChartered Institute of Building Estimating Section
_92132
245 _aEstimating for rehabilitation
260 _bCIOB
_c1981
300 _a4p
350 _a0
490 _aEstimating rehabilitation service
_vno 42
942 _n0
948 _c04/03/1997
999 _c91604
_d91604